| 000 | 01787nam0a2200313 4500 | ||
|---|---|---|---|
| 001 | RU\NLR\BIBL_A\016356355 | ||
| 005 | 20230719180227.0 | ||
| 021 |
_aRU _bКН-П-23-020206 _9КН-П-23-2010 |
||
| 035 | _a(NLR Aleph) 016356355 | ||
| 090 |
_a13136953 _c13136953 |
||
| 100 | _a20230426d2023 u y0rusy50 ca | ||
| 101 | 0 | _arus | |
| 102 | _aRU | ||
| 105 | _ay|||j|||000zy | ||
| 181 | 0 |
_ai4 _baxxe |
|
| 182 | 0 | _an | |
| 200 | 1 |
_aПолитология _eучебное пособие _fВ. В. Власов _gМинистерство внутренних дел Российской Федерации, Федеральное государственное казенное образовательное учреждение высшего образования "Орловский юридический институт Министерства внутренних дел Российской Федерации имени В. В. Лукьянова" |
|
| 203 |
_aТекст _bвизуальный _cнепосредственный |
||
| 210 |
_aОрёл _cОрЮИ МВД России им. В. В. Лукьянова _d2023 |
||
| 215 |
_a110 с. _d20 |
||
| 320 | _aБиблиогр.: с. 110 (7 назв.) | ||
| 606 | 1 |
_aПолитология _jУчебные издания для высших учебных заведений _91294414 _3RU\NLR\AUTH\66217824 |
|
| 686 | 1 | _aФ.я73 | |
| 700 | 1 |
_7ca _8rus _aВласов _bВ. В. _cканд. полит. наук, майор полиции _gВиталий Витальевич _968275 _3RU\NLR\AUTH\7785347 |
|
| 701 | 1 |
_aГаврилин _bС. А. _gСергей Александрович |
|
| 942 | _cBOOK | ||
| 980 | _aNB | ||